000 00405pab a2200133 454500
008 180718b1985 xxu||||| |||| 00| 0 eng d
100 _aAndiappan, P.
245 _aPublic Policy and equal pay
_bA comparative study of equal pay laws in Canada, U.S.A. and U.K.
260 _c1985
300 _a24-31
650 _aPublic Policy
773 _aInternational Review of Administrtive Sciences
909 _a16663
999 _c16663
_d16663